| 000 | 00639nam a22002177a 4500 | ||
|---|---|---|---|
| 003 | OSt | ||
| 005 | 20140310182131.0 | ||
| 008 | 130828t xxu||||| |||| 00| 0 eng d | ||
| 020 | _a9780689314063 | ||
| 050 |
_aDP 269.47.A46 _b.K38 1989 |
||
| 082 |
_aHS 946.081 _b.K159 1989 |
||
| 100 |
_aKatz, William Loren. _914733 |
||
| 245 |
_aThe Lincoln Brigade : _ba picture history / _cWilliam Loren Katz and Marc Crawford. |
||
| 250 | _a1st ed. | ||
| 260 |
_aNew York : _bAtheneum, _cc1989. |
||
| 300 |
_a84 p. : _bill, ; _c26 cm. |
||
| 541 | _j1 | ||
| 562 | _e1 | ||
| 650 |
_aAbraham Lincoln Brigade _914734 |
||
| 942 |
_2lcc _cHS |
||
| 999 |
_c9700 _d9700 |
||